| 000 | 00597nam a2200229Ia 4500 | ||
|---|---|---|---|
| 005 | 20260429112231.0 | ||
| 008 | 260429s9999||||xx |||||||||||||| ||und|| | ||
| 020 | _a9781266159244 | ||
| 041 | _aEnglish | ||
| 082 |
_a547 _bCAR |
||
| 100 | _aCarey, Francis A. | ||
| 245 | 0 |
_aOrganic chemistry / _cFrancis A. Carey |
|
| 250 | _a12th ed. | ||
| 260 |
_aNew York : _bMc Graw Hill, _c2024. |
||
| 300 | _axxx, 1168 p.; pbk | ||
| 650 | _a Organic chemistry | ||
| 650 | _aChemistry | ||
| 700 | _a Allison, Neil T. | ||
| 700 | _a Bane, Susan L. | ||
| 700 | _a Giuliano, Robert M. | ||
| 942 | _cTB | ||
| 999 |
_c53031 _d53031 |
||